000
00257nam a2200097Ia 4500
008
220204s9999 xx 000 0 und d
082
_a
633.72
_b
COF
245
0
_a
Case for increased production of coffee
260
_a
Bangalore
_b
Coffee Board
_c
1955
942
_c
BK
999
_c
21632
_d
21632